Spitze plus

Bibliographic Details
Other Authors: Fischer-Morávková, Anna (Publishing director)
Format: Serial
Language:Slovak
PhysicalDescription:4 zv. 21 cm
Published: Bratislava Kampress 1998-2002
ISSN:1335-8928
Subjects:

MARC

LEADER 00000nas a2200000 a 4500
001 vtls011609549
003 SK-MaSNL
005 20260425194422.0
008 170208d19982002xo mr| 0 0slo
022 |a 1335-8928 
040 |a SNK  |b slo  |c SNK  |e AACR2 
041 0 |a slo 
044 |a xo  |c SK 
072 7 |a 811.112.2  |x Nemčina  |2 konspekt 
072 7 |a 37  |x Výchova a vzdelávanie  |2 konspekt 
080 |a 811.112.2  |2 2001 
080 |a 37.0  |2 2001 
080 |a 050  |2 2001 
080 |a (051)-048.55  |2 2011 
080 |a (076.5)  |2 2011 
210 0 |a Spitze plus 
222 0 |a Spitze plus 
245 0 0 |a Spitze plus 
260 |a Bratislava  |b Kampress  |c 1998-2002 
300 |a 4 zv.  |c 21 cm 
310 |a 10x ročne 
362 |a 1998/1999 - 2001/2002 
500 |a V tiráži uvedený podnázov: eine Zeitschrift für die Lehrer ; časopis pre učiteľov nemčiny ; Übungen + Texte ; cvičenia a texty 
500 |a Reg. číslo: 2145/99 
500 |a Šéfredaktorka: ?,-2002, Anna Fisher-Morávková 
650 0 7 |a vzdelávanie  |2 SNKPH  |9 4033 
650 0 7 |a cudzie jazyky  |2 SNKPH  |9 69722 
650 0 |a nemčina  |2 SNKPH  |9 1384 
655 7 |a špecializované časopisy  |2 SNKPH  |9 70509 
655 7 |a praktické cvičenia  |2 SNKPH  |9 70517 
700 1 |a Fischer-Morávková, Anna  |4 pbd  |9 275200 
910 |a snk 
958 |a OND 
999 |c 13636  |d 15566 
952 |t č. 1-10, neúplné  |a SNK  |b SNK  |y PREZ  |7 0  |p 17A1204939  |o snkČSC 3675/2000-2001  |i snk2017/3489  |8 0  |z Cýba č. 1-6  |0 0  |1 0  |4 0  |d 2017-02-08  |l 0  |r 2026-02-21 21:55:23  |w 2026-02-21 
952 |t č. 1-10  |a SNK  |b SNK  |y PREZ  |7 0  |p 17A1204938  |o snkČSC 3675/2001-2002  |i snk2017/3490  |8 0  |0 0  |1 0  |4 0  |d 2017-02-08  |l 0  |r 2026-02-21 21:55:27  |w 2026-02-21 
952 |t č. 1-10  |a SNK  |b SNK  |y PREZ  |7 0  |p 17A1204937  |o snkČSC 3675/2001-2002 D1  |i snk2017/3491  |8 0  |0 0  |1 0  |4 0  |d 2017-02-08  |l 0  |r 2026-02-21 21:55:27  |w 2026-02-21